Nedostatek volného kapitálu ve světě.

Dopyt po úveroch na medzinárodnom finančnom trhu rok od roka rastie: Kapitál potrebujú nielen bývalé socialistické a rozvojové štáty, ale aj USA na krytie narastajúceho vnútorného trhu a vyspelé priemyselné krajiny na reštrukturalizáciu ekonomík. Údaje o kapitálových potrebách. Jediným spôsobm získa...

Ausführliche Beschreibung

Gespeichert in:
Bibliographische Detailangaben
Format: Buchkapitel
Sprache:Tschechisch
Schlagworte:
Tags: Tag hinzufügen
Keine Tags, Fügen Sie das erste Tag hinzu!

MARC

LEADER 00000naa a2200000 4500
001 r011667
005 20220831090209.3
041 0 |a cze 
044 |a [CS] 
245 1 0 |a Nedostatek volného kapitálu ve světě. 
520 |a Dopyt po úveroch na medzinárodnom finančnom trhu rok od roka rastie: Kapitál potrebujú nielen bývalé socialistické a rozvojové štáty, ale aj USA na krytie narastajúceho vnútorného trhu a vyspelé priemyselné krajiny na reštrukturalizáciu ekonomík. Údaje o kapitálových potrebách. Jediným spôsobm získania potrebného kapitálu je zvýšenie úspor vytvoreného produktu na 25 perc. 
610 2 0 |a úver medzinárodný 
610 2 0 |a trh kapitálový medzinárodný 
610 2 0 |a svet 
610 2 0 |a USA 
610 2 0 |a východná Európa 
610 2 0 |a krajiny rozvojové 
610 2 0 |a NDR 
610 2 0 |a Stredný východ 
610 2 0 |a úrok